Normal view MARC view

Entry Personal Name

Number of records used in: 1

001 - CONTROL NUMBER

  • control field: 18689

003 - CONTROL NUMBER IDENTIFIER

  • control field: OSt

005 - DATE AND TIME OF LATEST TRANSACTION

  • control field: 20240712104530.0

008 - FIXED-LENGTH DATA ELEMENTS

  • fixed length control field: 240712|| aca||aabn | a|a d

040 ## - CATALOGING SOURCE

  • Original cataloging agency: OSt
  • Transcribing agency: OSt

100 ## - HEADING--PERSONAL NAME

  • Personal name: Guisinger,Stephen E

670 ## - SOURCE DATA FOUND

  • Source citation: Work cat.: (OSt)9167: The new economic analysis of multinationals:, c2003.